Countries Whose Leaders Have Addressed Australian Parliament - Statistics

General Stats
  • This quiz has been taken 78 times
    8 since last reset
  • The average score is 10 of 12
Answer Stats
# Country Leader(s) % Correct
2 Canada Mark Carney (2026); Stephen Harper (2007)
100%
2 China Xi Jinping (2014); Hu Jintao (2003)
100%
2 Indonesia Joko Widodo (2020); Susilo Bambang Yudhoyono (2010)
100%
1 Japan Shinzo Abe (2014)
100%
1 New Zealand John Key (2011)
100%
3 United Kingdom David Cameron (2014); Tony Blair (2006); David Rhys Grenfell, Jo Grimond & Richard Law (1951)
100%
4 United States Barack Obama (2011); George W. Bush (2003); Bill Clinton (1996); George H. W. Bush (1992)
100%
1 Papua New Guinea James Marape (2024)
75%
1 Singapore Lee Hsien Loong (2016)
75%
1 European Union Ursula von der Leyen (2026)
63%
1 Philippines Bongbong Marcos (2024)
63%
1 Ukraine Volodymyr Zelenskyy (2022)
13%
No matching quizzes found
Score Distribution
Percent of People with Each Score
Percentile by Number Answered
Your Score History
You have not taken this quiz since the last reset